Handling elevator emergencies /

Bibliographic Details
Main Author: Cowardin, David H.
Format: Book
Language:English
Published: Boston : National Fire Protection Association, [1979]
Subjects:

MARC

Tag First Indicator Second Indicator Subfields
LEADER 00000cam a2200000 i 4500
001 in00000042410
005 20151007072712.0
008 791005s1979 maua b 00110 eng
010 |a  79084710  
020 |a 0877651469 
035 |a (OCoLC)05614881 
035 |9 AAE8398AM 
040 |a DLC  |c DLC  |d TXA  |d UtOrBLW 
049 |a TXAM  |c [1192010] 
050 0 0 |a TJ1370  |b .C68 
082 0 |a 690/.1/8 
100 1 |a Cowardin, David H. 
245 1 0 |a Handling elevator emergencies /  |c by David H. Cowardin ; William I. Coakley, consultant. 
264 1 |a Boston :  |b National Fire Protection Association,  |c [1979] 
264 4 |c ©1979 
300 |a xii, 176 pages :  |b illustrations ;  |c 22 cm. 
336 |a text  |b txt  |2 rdacontent 
337 |a unmediated  |b n  |2 rdamedia 
338 |a volume  |b nc  |2 rdacarrier 
504 |a Includes bibliographical references and index. 
650 0 |a Elevators  |x Safety measures. 
999 |a MARS 
999 f f |s 1a73fc99-7d40-319e-89c7-3630bef994b3  |i ffd87074-5095-3aff-99a9-f16f89a99fc8  |t 0 
952 f f |p ric  |a Texas A&M University  |b Rellis Campus  |c Joint Library Facility  |d Remote Storage  |t 0  |e TJ1370 .C68  |h Library of Congress classification  |i unmediated -- volume  |m A14805454235 
998 f f |a TJ1370 .C68  |t 0  |l Remote Storage